000 00487nam a2200169Ia 4500
008 090711s9999 xx 000 0 und d
082 _b77089
100 _aफडणीस शकुंतला
245 _aशुभंकरोती
260 _c1975
300 _a92
600 _aफडणीस शकुंतला
630 _aशुभंकरोती
700 _aफडणीस शकुंतला
730 _aशुभंकरोती
942 _cBOOK
999 _c291991
_d291991